Foundations of stochastic analysis

Αποθηκεύτηκε σε:
Λεπτομέρειες βιβλιογραφικής εγγραφής
Κύριος συγγραφέας: Rao, M. M. (Malempati Madhusudana) 1929-
Μορφή: Βιβλίο
Γλώσσα:English
Δημοσίευση: New York : Academic Press, 1981
Σειρά:Probability and mathematical statistics
Θέματα:
Ετικέτες: Προσθήκη ετικέτας
Δεν υπάρχουν, Καταχωρήστε ετικέτα πρώτοι!

MARC

LEADER 00000cam a2200000 i 4500
001 1/61567
008 941103s1981 eng d
020 |a 012580850X 
035 |l 10046458 
035 |a 1988 
040 |a GR-MY-UA  |b gre  |e aacr 
041 0 |a eng 
082 0 |a 519.2  |2 (19) 
100 1 |a Rao, M. M.  |q (Malempati Madhusudana)  |d 1929- 
245 1 0 |a Foundations of stochastic analysis /  |c M.M. Rao 
260 |a New York :   |b Academic Press,   |c 1981 
300 |a xi, 295 p.;  |c 24 cm 
490 1 |a Probability and mathematical statistics 
500 |a Includes index 
504 |a Bibliography: p. 283-290 
650 0 0 |a Stochastic analysis. 
830 0 |a Probability and mathematical statistics 
852 |a INST  |b SAMOS  |e 19941103  |h 519.2 RAO  |p 005300001034  |q 005300001034  |t BK  |y 0 
909 |a Σ  |b 009722